Amalan profesionalisme perguruan
| Main Author: | |
|---|---|
| Format: | Book |
| Published: |
Skudai :
Universiti Teknologi Malaysia ,
2003
|
| Subjects: |
MARC
| LEADER | 00000cam a2200000 7i4500 | ||
|---|---|---|---|
| 001 | 0000017014 | ||
| 005 | 20060911.0 | ||
| 020 | |a 9835203202 | ||
| 040 | |a INS | ||
| 090 | 0 | 0 | |a LB1779 |b ESA 2003 |
| 100 | 1 | |a Esah Sulaiman | |
| 245 | 1 | 0 | |a Amalan profesionalisme perguruan |c Esah Sulaiman |
| 260 | |a Skudai : |b Universiti Teknologi Malaysia , |c 2003 | ||
| 300 | |a 170ms : |b il. ; |c 23cm. | ||
| 650 | 0 | 0 | |a Education |z Malaysia |x Management |
| 650 | 0 | 0 | |a Teachers |x Professional ethics |z Malaysia |
| 999 | |a 0000016363 |b BOOK |c Open Shelf |e Default branch | ||